| 000 | 00418nam a2200157 4500 | ||
|---|---|---|---|
| 003 | OSt | ||
| 008 | 240702b |||||||| |||| 00| 0 eng d | ||
| 020 | _a9781404107212 | ||
| 082 |
_a658.8 _bMIB |
||
| 100 | _aMILLER, Donald | ||
| 245 | _aBuilding a Story Brand:Clarify Your Message So Customers Will Listen | ||
| 260 |
_aNew York _bHarper Collins _c2017 |
||
| 300 | _ax, 228p. | ||
| 650 | _aGeneral | ||
| 942 |
_2ddc _cBK |
||
| 999 |
_c12751 _d12751 |
||